| 000 | 00617nam a2200205Ia 4500 | ||
|---|---|---|---|
| 001 | 14871 | ||
| 003 | GE_BSU | ||
| 008 | 181216s||||||||xx |||||||||||||| ||und|| | ||
| 040 | _cGE_BSU | ||
| 080 | _a517.974.5 | ||
| 100 | _aБолтянский,В.Г. | ||
| 245 | _aМатематические методы оптимального управления | ||
| 245 | _cРед.Н.Х. Розов | ||
| 260 | _aМосква | ||
| 260 | _bНаука | ||
| 260 | _c1969 | ||
| 300 | _a408стр.21см. | ||
| 653 | _aМатематические методы оптимального управления | ||
| 942 | _cBK | ||
| 999 |
_c47993 _d47993 |
||